Szczegóły MARC21

Metodyka pisania prac magisterskich i dyplomowych : poradnik pisania prac promocyjnych oraz innych opracowań naukowych wraz z przygotowaniem ich do obrony lub publikacji /

003 -Nazwa inst., której nr kontr. jest w polu 001 [,]
    • @
    • Nazwa instytucji, której n kontrolny jest w polu 001
    • NUKAT
005 -DATA I CZAS OSTATNIEJ MODYFIKACJI [,]
    • @
    • pole kontrolne
    • 20241231102845.0
020 -Międzynarod. znormalizowany nr książki - ISBN [ , ]
    • a
    • Numer ISBN
    • 8385530932 Find
040 -Instytucja sporządzająca opis [ , ]
    • a
    • Instytucja, która sporządziła opis (NP)
    • OLSZT 003/BG
    • c
    • Instytucja, która sporządziła rekord (NP)
    • OLSZT 003/BG
    • d
    • Instytucja, która zmodyfikowała rekord (P)
    • OLSZT 003/DSs
    • d
    • Instytucja, która zmodyfikowała rekord (P)
    • GL 001/JK
942 -Rodzaj dokumentu [ , ]
    • c
    • Rodzaj dokumentu
    • Książka
100 -Hasło główne - nazwa osobowa [1, ]
    • a
    • Nazwa osobowa (NP)
    • Majchrzak, Jadwiga.
    • 9
    • KHW
    • 20121
245 -Strefa tytułu i oznaczenia odpowiedzialności [1,0]
    • a
    • Tytuł
    • Metodyka pisania prac magisterskich i dyplomowych : Find
    • b
    • Ciąg dalszy tytułu (NP)
    • poradnik pisania prac promocyjnych oraz innych opracowań naukowych wraz z przygotowaniem ich do obrony lub publikacji / Find
    • c
    • Pozostałe elementy strefy tytułu i oznaczenia odpowiedzialności (NP)
    • Jadwiga Majchrzak, Tadeusz Mendel ; Akademia Ekonomiczna w Poznaniu.
250 -Strefa wydania [ , ]
    • a
    • Oznaczenie wydania (NP)
    • Wyd. 2 popr.
260 -Strefa adresu wydawniczego [ , ]
    • a
    • Miejsce wydania (P)
    • Poznań :
    • b
    • Nazwa wydawcy (P)
    • Wydawnictwo Akademii Ekonomicznej,
    • c
    • Data wydania (P)
    • 1995.
300 -Strefa opisu fizycznego [ , ]
    • a
    • Określenie formy książki i/lub objętość (NP)
    • 67 s. :
    • b
    • Oznaczenie ilustracji (NP)
    • il. ;
    • c
    • Format (NP)
    • 24 cm.
336 -Typ zawartości [ , ]
    • a
    • Termin opisujący typ zawartości
    • Tekst
    • b
    • Kod określający zawartość
    • txt
    • 2
    • Źródło (terminu i kodu)
    • rdacontent
337 -Typ mediów [ , ]
    • a
    • Tryb odtwarzania
    • Bez urządzenia pośredniczącego
    • b
    • Kod typu mediów
    • n
    • 2
    • Źródło (terminu i kodu)
    • rdamedia
338 -Typ/rodzaj nośnika [ , ]
    • a
    • Hasło opisujące typ nośnika
    • Wolumin
    • b
    • Kod typu nośnika
    • nc
    • 2
    • Źródło (terminu i kodu)
    • rdacarrier
504 -Uwaga dot. bibliogr. załącznikowej [ , ]
    • a
    • Uwaga dot. bibliografii załącznikowej
    • Bibliogr. s. 50.
521 -Uwaga dot. przeznaczenia czytelniczego [8, ]
    • a
    • Uwaga dot. przeznaczenia czytelniczego
    • Dla studentów studiów ekonomicznych.
080 -Uniwersalna Klasyfikacja Dziesiętna [ , ]
    • a
    • Symbol klasyfikacji
    • 378.242
080 -Uniwersalna Klasyfikacja Dziesiętna [ , ]
    • a
    • Symbol klasyfikacji
    • :001.8
650 -Hasło przedmiotowe [ ,7]
    • a
    • Hasło przedmiotowe
    • Rozprawy akademickie
    • v
    • Określnik formalny
    • poradniki.
    • 2
    • Źródło terminu
    • kaba
    • 9
    • KHW
    • 352665
980 -Symbol UKD [ , ]
    • a
    • UKD
    • 378.242:001.8
700 -Hasło dodatkowe - nazwa osobowa [1, ]
    • a
    • Nazwa osobowa (NP)
    • Mendel, Tadeusz Find
    • d
    • Daty biograficzne (NP)
    • (1933-2019).
    • 9
    • KHW
    • 20122
710 -Hasło dodatkowe - nazwa ciała zbiorowego [2, ]
    • a
    • Nazwa ciała zbiorowego lub nazwa geograficzna jako pierwszy element (NP)
    • Akademia Ekonomiczna (Poznań).
    • b
    • Nazwa jednostki podrzędnej (P)
    • Wydawnictwo.
    • 4
    • Kod relacji
    • pbl
    • 9
    • KHW
    • 57262
920 -ISBN [ , ]
    • a
    • ISBN
    • 83-85530-93-2 Find
Numer inwentarzowy Status udost. Lokalizacja Data inwentaryzacji Sygnatura
Z.911151BG1998-04-06Z.91115
W.197009-3BG1998-12-16W.197009
W.197010-3BG1998-12-16W.197009
W.197011-3BG1998-12-16W.197009
N.169491BG1998-12-16 
Bl.78372BG1998-12-16 
W.197012-3BG1998-12-16 
Pd.11788-3BG1998-12-16 
WF.60161BM1998-12-16Metodologia badań - poradniki
A.4980-3BM1998-04-06 
H.69881BNS1998-04-06 
SA.9086-11BSA1998-12-16SA.9086